| 000 | 00730nam a22001337a 4500 | ||
|---|---|---|---|
| 040 | _cRUA | ||
| 082 | _aVEM PHA 2021 B1-602 Or. | ||
| 100 | _aPHAT SENSOK,ផាត់ សែនសុខ | ||
| 245 | _aGASTRO-INTESTINAL PARASITE IN DOMESTIC CHICKEN AT POU COMMUNE,KAMPONG LAENG DISTRICT,KAMPONG CHHNANG PROVINCE,បរាសិតក្នុងប្រដាប់រំលាយអាហារមាន់ស្រុក នៅឃុំពោធិ័ ស្រុកកំពង់លែង ខេត្តកំពង់ឆ្នាំង | ||
| 260 |
_aphnom penh _brua _c2021 |
||
| 300 |
_axi.45p. _bill. _c29cm. |
||
| 856 | _uhttps://drive.google.com/file/d/1zJLhG7xSvlkufhj1ibtX_agkNw42_LGO/view?usp=sharing | ||
| 942 | _cVEM | ||
| 999 |
_c21665 _d21665 |
||